LEADER 00889nam0-22003011i-450- 001 990000071800403321 005 20080521100423.0 035 $a000007180 035 $aFED01000007180 035 $a(Aleph)000007180FED01 035 $a000007180 100 $a20020821d--------km-y0itay50------ba 101 0 $aita 105 $ay-------001yy 200 1 $aFlachentragwerke$eEinfuhrung in die Elastostatik der Scheiben, Platten, Schalen und Faltwerke$fKarl Girann. 205 $a4. verbesserte und vermehrte Auf. 210 $aWien$cSpringer Verlag$d1956 215 $aXVIII, 596 p.$cill.$d23 cm 610 0 $aStrutture edilizie 676 $a624.177 700 1$aGirann,$bKarl$0332367 801 0$aIT$bUNINA$gRICA$2UNIMARC 901 $aBK 912 $a990000071800403321 952 $a23 18 B 53$b22258$fFINAG 959 $aFINAG 996 $aFlachentragwerke$9110699 997 $aUNINA LEADER 00940cam0-2200337---450- 001 990004372100403321 005 20141127130527.0 010 $a2-87027-875-6 035 $a000437210 035 $aFED01000437210 035 $a(Aleph)000437210FED01 035 $a000437210 100 $a19990604d2002----km-y0itay50------ba 101 0 $afre 102 $aBE 105 $a--------001yy 200 1 $aHugo et le romantisme$fEmile Verhaeren$gédition présentée par Paul Gorceix 210 $aBruxelles$cComplexe$d2002 215 $a139 p.$d18 cm 225 1 $a<>regard littéraire 610 0 $aHugo, Victor 676 $a843.8 700 1$aVerhaeren,$bEmile$f<1855-1916>$0329291 702 1$aGorceix,$bPaul 801 0$aIT$bUNINA$gRICA$2UNIMARC 901 $aBK 912 $a990004372100403321 952 $a843.8 HUGO/S 11$bBibl.43625$fFLFBC 959 $aFLFBC 996 $aHugo et le romantisme$9540826 997 $aUNINA LEADER 01375nam 2200433 450 001 9910480616903321 005 20170918211710.0 010 $a2-8062-7177-0 035 $a(CKB)3710000000534886 035 $a(EBL)4187543 035 $a(MiAaPQ)EBC4187543 035 $a(EXLCZ)993710000000534886 100 $a20160104h20152015 uy 0 101 0 $afre 135 $aur|n|---||||| 181 $2rdacontent 182 $2rdamedia 183 $2rdacarrier 200 10$aHenry Ford : L'automobile a? porte?e de tous $eL'e?re de la me?canisation /$fVe?ronique Van Driessche 210 1$aBrussels, [Belgium] :$c50 Minutes,$d2015. 210 4$d©2015 215 $a1 online resource (32 p.) 225 0 $aGrandes Inventions ;$vNume?ro 5 300 $aDescription based upon print version of record. 311 $a2-8062-7178-9 320 $aIncludes bibliographical references. 410 0$aGrandes Inventions 606 $aAutomobile industry and trade$zUnited States$xHistory 608 $aElectronic books. 615 0$aAutomobile industry and trade$xHistory. 676 $a338.76292092 700 $aVan Driessche$b Ve?ronique$0872680 801 0$bMiAaPQ 801 1$bMiAaPQ 801 2$bMiAaPQ 906 $aBOOK 912 $a9910480616903321 996 $aHenry Ford : L'automobile a? porte?e de tous$91948134 997 $aUNINA LEADER 01880oam 2200529 450 001 9910702318703321 005 20191016100329.0 035 $a(CKB)5470000002426975 035 $a(OCoLC)823304437 035 $a(EXLCZ)995470000002426975 100 $a20130104d2012 ua 0 101 0 $aeng 135 $aurcn||||||||| 181 $ctxt$2rdacontent 182 $cc$2rdamedia 183 $acr$2rdacarrier 200 10$aGeologic assessment of undiscovered conventional oil and gas resources $eMiddle Eocene Claiborne Group, United States part of the Gulf of Mexico basin /$fby Paul C. Hackley 210 1$aReston, Virginia :$cU.S. Department of the Interior, U.S. Geological Survey,$d2012. 215 $a1 online resource (v, 97 pages) $ccolor illustrations, color maps 225 1 $aU.S. Geological Survey Open-file report ;$v2012-1144 300 $aTitle from title screen (viewed Jan. 4, 2013). 320 $aIncludes bibliographical references (pages 62-72). 517 $aGeologic assessment of undiscovered conventional oil and gas resources 606 $aPetroleum reserves$zClaiborne Group 606 $aNatural gas reserves$zClaiborne Group 606 $aNatural gas reserves$2fast 606 $aPetroleum reserves$2fast 607 $aUnited States$zClaiborne Group$2fast 615 0$aPetroleum reserves 615 0$aNatural gas reserves 615 7$aNatural gas reserves. 615 7$aPetroleum reserves. 700 $aHackley$b Paul C.$01388682 712 02$aGeological Survey (U.S.), 801 0$bGPO 801 1$bGPO 801 2$bGPO 801 2$bOCLCQ 801 2$bOCLCF 801 2$bLWA 801 2$bINT 801 2$bOCLCQ 801 2$bGPO 906 $aBOOK 912 $a9910702318703321 996 $aGeologic assessment of undiscovered conventional oil and gas resources$93459523 997 $aUNINA